000 00734nam a22002417a 4500
999 _c12605
_d12605
003 MIRAKIL
005 20190110151950.0
008 190110b tu ||||| |||| 00| 0 tur d
020 _a975470029x
040 _aTR-AnCHP
_cTR-AnCHP
041 _aTUR
082 _a320.54
_bC26m 190
100 _aCarr, Edward Hallett
245 1 0 _aMilliyetçilik ve sonrası /
_cEdward Hallett Carr ; çeviren Osman Akın
260 _aİstanbul :
_bİletişim yayınları,
_c1990.
300 _a80, [3] s. ;
_c20 sm.
490 0 _aİletişim yayınları
490 0 _aAraştırma-İnceleme dizisi
650 0 _91158
_aSiyasal bilimler
_xKavramlar
650 0 _9678
_aMilliyetçilik
700 _91157
_aAkın, Osman
_eçev.
942 _2ddc
_cBKS